000 00876nam a2200229Ia 4500
003 GCL
008 140319s9999 xx 000 0 ara d
020 _a345979977
040 _aGCL /
_cGCL
082 0 4 _aق
_b962.064
_bر م
100 1 _aرشاد كامل
245 1 0 _aعبدالناصر واسرائيل سنوات التفاوض السرى /
_cرشاد كامل
250 _aالاولى
260 _aالقاهرة :
_bمطبوعات دار الخيال ،
_c2003
300 _a285 ص ؛
_c26 سم
490 _aمن اتفاق الهدنة وحتى الرحيل
_v0
650 0 4 _aالنزاع العربى الاسرائيلى
650 0 4 _aالسياسيون - تراجم
650 0 4 _aمصر - تاريخ - العصر الحديث - جمال عبدالناصر ( 1954-1970 )
650 0 4 _aمصر - تاريخ - العصر الحديث
942 _2ddc
_cBK
999 _c56632
_d56632